Control de movimiento de robots manipuladores / Rafael Kelly (Registro nro. 18536)
[ vista simple ]
| 000 -LÍDER | |
|---|---|
| fixed length control field | 00516nam a2200145 4500 |
| 008 - ELEMENTOS DE LONGITUD FIJA -- INFORMACIÓN GENERAL | |
| fixed length control field | 0 2003 0a 000 0ESP |
| 020 ## - NÚMERO INTERNACIONAL NORMALIZADO PARA LIBROS | |
| ISBN | 84-205-3831-0 |
| 050 ## - SIGNATURA TOPOGRAFICA DE LA BIBLIOTECA DEL CONGRESO (LC) | |
| Número de Clasificación | TJ211.35 K4 2003 |
| 082 ## - NUMERO DE CLASIFICACION DECIMAL DEWEY | |
| Número de Clasificación | 629.892 K29c |
| 100 ## - ASIENTO PRINCIPAL--NOMBRE PERSONAL | |
| Nombre personal | Kelly, Rafael |
| 245 ## - TÍTULO | |
| Título | Control de movimiento de robots manipuladores / Rafael Kelly |
| 260 ## - PUBLICACIÓN, DISTRIBUCIÓN, ETC. (PIE DE IMPRENTA) | |
| Lugar de publicación, distribución, etc. | Madrid, España : Pearson Educación : Prentice Hall |
| 300 ## - DESCRIPCIÓN FÍSICA | |
| Extensión | xvi, 323 p. / 25 cm. |
| 650 ## - ASIENTO SECUNDARIO DE MATERIA - TERMINO TEMÁTICO | |
| Término temático o nombre geográfico como elemento de entrada | 1.ROBOTS-SISTEMAS DE CONTROL \ 2.ROBOTS-MOVIMIENTOS \ 3.MANIPULADORES(MECANISMO) |
| No. biblioteca | No. biblioteca | Número de clasificación | Código de barras/Número de adquisición | Número de copia | Tipo de material |
|---|---|---|---|---|---|
| LUIS G. INCLAN | LUIS G. INCLAN | 629.892 K29c | 44317 | 1 | Libros |
